000 00832nam a22002297a 4500
008 081212t xxu||||| |||| 00| 0 eng d
010 _aENG-92148
020 _c75.00
035 _aEN-75681
037 _bDBAD / PUB
040 _adpl
_bEnglish
082 _a005.268
100 _aSuresh Kumar, P.
245 _aProgramming in Visual Basic 6.0 /
_cby P. Suresh Kumar
260 _aOoty
_bBrain Touch Publications
_c2008
300 _a151p.
_c31cm (pbk)
500 _aIncludes bibliographical references
650 _aBASIC (Computer program language)
650 _aMicrosoft Visual BASIC.
942 _2ddc
_cEN
_mSUR
_h005.268
999 _c19757
_d19757